Statistics for The Office

Click here to take the quiz!

General Stats

  • This quiz has been taken 157 times
  • The average score is 6 of 15

Answer Stats

No Hint->Answer% Correct
How Many People Has Pam Dated In The Nine Seasons3
95%
What Cancer Does Kevin HaveSkin
77%
What Is Jims Daughters NameCeCe
71%
What Does Pam Believe in the Jim Finds RidiculousGhosts
60%
What is Jims Son's NamePhillip
55%
What is Michaels First Loves NameJan
53%
What Does Dwight Put In Jims Office to record himPen
44%
In The First Ever Episode What Is The Episode CalledThe Pilot
35%
Who does Michael Date to make Pam MadMom
35%
What Color Are the ear buds deangelo wears in the last Michael EpisodeYellow
35%
What Does Jim Dress up as for halloween with Kevin and DarrylChris Bosh
27%
Name One Of The People Michael TrustsGod
16%
What Is Robert Californias Kid's NameBert
16%
Who Does Roy Say Jim Plays Basketball LikeLarry Legend
15%
What Does Meridith Report Dwight Has Under The Kitchen TableNinja Star
8%

Score Distribution

Percentile by Number Answered

Percent of People with Each Score

Your Score History

You have not taken this quiz